000 00323nam a2200121Ia 4500
008 231219s9999 xx 000 0 und d
041 _aeng
082 _a823
100 _aAIMATS and CME
245 _aHow To Prepare For The Mat Management Aptitude Test
260 _bGlobal Business Press Delhi95
650 _aManagement
999 _c976841
_d976841